El genio de las religiones /

Guardado en:
Autor Principal: Quinet, Edgar
Formato: Libro
Publicado: Valencia : Sempere, 1909
Materias:
Etiquetas: Agregar Etiqueta
Sin Etiquetas, Sea el primero en etiquetar este registro!
LEADER 00484nam a22001575a 4500
001 EHU.bham016449
003 AR-BHAM
005 20100504165215.0
008 130507s1909##################000#0#####d
082 2 0 |a 200.7 
100 1 |a Quinet, Edgar 
245 1 0 |a El genio de las religiones /  |c Edgar Quinet 
260 |a Valencia :  |b Sempere,  |c 1909 
500 |a Urbano, Rafael, Version EspaÑola 
653 |a Religion-enseÑanza 
859 |a AR-BHAM  |b BIB. HUMANIDADES - Arturo Marasso  |h 200.7  |i Q44  |p 2658.57  |t Ej.1  |v M